000 00299nam a22001337a 4500
008 181008b xxu||||| |||| 00| 0 eng d
020 _a9780132751254
041 _aeng
080 _29 ED
_a330.722
100 _a62
101 _amnf
245 _aFinancial Accouting
_cThomas.H
942 _2udc
_cBK
999 _c49048
_d49048